000 00469cam a2200181ua 4500
001 5939
005 20260515113946.0
008 131029n ii |||gr||||Z||||||eng
040 _cMAIN
082 _a954.035
245 _aIndia`s Struggle For Independence
_cBy Bipan Chandra
260 _aCalcutta:
_bPenguin Books,
_c1989.
300 _ax,573p.
653 _aHistory
653 _aIndia`s Struggle For Independence
700 _aChandra,Bipan,
_eAuthor.
942 _cBK
999 _c5088
_d5088